[Event "Hand by hand (mano a mano)"]
[Site "SchemingMind.com"]
[Date "2006.03.30"]
[Round "-"]
[White "gz4bkn"]
[Black "Aumonde"]
[Result "0-1"]
[WhiteCountry "USA"]
[BlackCountry "USA"]
[WhiteElo "1265"]
[WhiteRD "111"]
[BlackElo "2151"]
[BlackRD "61"]
[GameID "44350"]

1. e4 d5 2. exd5 Qxd5 3. Nc3 Qa5 4. d4 Nf6 5. Bd2 Bg4 6. Nf3 Nbd7 7. Be2 e6 8. O-O Qb6 9. b3 Ba3 10. Nb5 Bxf3
11. Nxa3 Bxe2 12. Qxe2 Qxd4 13. Nb5 Qb6 14. a4 a6 15. Na3 O-O 16. Bg5 Qc5 17. Bxf6 Nxf6 18. Rad1 Qxa3 19. Rd3 Rad8 20. Rfd1 Rd6
21. f3 Qc5+ 22. Kf1 Nd5 23. R1d2 Nf4
0-1

[Event "Hand by hand (mano a mano)"]
[Site "SchemingMind.com"]
[Date "2006.03.28"]
[Round "-"]
[White "iain"]
[Black "Aumonde"]
[Result "0-1"]
[WhiteCountry "USA"]
[BlackCountry "USA"]
[WhiteElo "1280"]
[WhiteRD "106"]
[BlackElo "2151"]
[BlackRD "61"]
[GameID "44351"]

1. Nc3 Nf6 2. d4 d5 3. Bf4 e6 4. Qd3 Nc6 5. O-O-O Bd6 6. g3 O-O 7. Bg2 Bxf4+ 8. gxf4 Qd6 9. e4 Qxf4+ 10. Qd2 Qxd2+
11. Rxd2 dxe4 12. d5 exd5 13. Nge2 Be6 14. Nd4 Nxd4 15. Rxd4 c5 16. Ra4 Ng4 17. Nxe4 dxe4 18. f4 f5 19. h3 Ne3 20. Bxe4 fxe4
21. Rxe4 Bd5 22. Rxe3 Bxh1 23. c4 Rxf4
0-1

[Event "Hand by hand (mano a mano)"]
[Site "SchemingMind.com"]
[Date "2006.03.28"]
[Round "-"]
[White "PackoJones1000"]
[Black "Aumonde"]
[Result "1-0"]
[WhiteCountry "ESP"]
[BlackCountry "USA"]
[WhiteElo "2142"]
[WhiteRD "68"]
[BlackElo "2163"]
[BlackRD "59"]
[GameID "44352"]

1. e4 d6 2. d4 Nf6 3. Nc3 g6 4. Be3 c6 5. f3 Bg7 6. Qd2 Nbd7 7. O-O-O O-O 8. e5 Nd5 9. Nxd5 cxd5 10. exd6 exd6
11. h4 Nb6 12. h5 Re8 13. Bh6 Bf6 14. g4 Nc4 15. Bxc4 dxc4 16. Nh3 Be6 17. c3 Bd5 18. Rdf1 Rc8 19. Kb1 b5 20. g5 Bh8
21. Nf4 Bb7 22. Qc2 Qd7 23. hxg6 fxg6 24. Nxg6 hxg6 25. Qxg6+ Bg7 26. Bxg7= Qxg7 27. Qxd6 Rc6 28. Qf4 Rce6 29. Ka1 Rf8 30. Qg3 Bd5
31. Qh3 Re3 32. g6 Bxf3 33. Rhg1 Rfe8 34. Qf5 Qb7 35. Rh1 b4 36. cxb4 Qg7 37. Rhg1 R8e7 38. Qc8+ Qf8 39. Qxc4+ Kg7 40. b5 Qf6
41. Qc5 Rd7 42. Qc2 Qf4 43. Rc1 Ree7 44. Qb3 Rc7 45. Rb1 Re3 46. Qa4 Rd3 47. Rgf1 Qd6 48. d5 Qxd5 49. Qh4= Qh5 50. Qf4 Rcd7
51. a3 Qg4 52. Qe5+ Kxg6 53. Rbc1 R3d5 54. Qe8+ Kh7= 55. Rh1+ Bxh1 56. Rxh1+ Kg7 57. Qh8+ Kf7 58. Rh7+ Kg6 59. Rh6+ Kf5 60. Qf6+ Ke4
61. Rh4 Qxh4 62. Qxh4+ Kd3 63. a4 Rd4 64. Qh3+ Ke2 65. Kb1 Rd1+ 66. Ka2 Kf2 67. a5 R1d5 68. Qh4+ Ke3 69. b6 axb6 70. Qh6+ Ke4
71. axb6 Ke5 72. Qc6 Ra5+ 73. Kb3 Rd3+ 74. Kb4 Rad5 75. Qe8+ Kf5 76. b7 R3d4+ 77. Ka3 Rd3+ 78. b3 Rd8 79. b8=Q Rxb8 80. Qxb8 Rd1
81. Qc8+ Ke5 82. Qc3+ Ke6 83. Qh3+ Kd6 84. Qh6+ Kc7 85. Qf4+ Kd8 86. b4 Rd7 87. b5 Kc8 88. Kb4
1-0

[Event "Hand by hand (mano a mano)"]
[Site "SchemingMind.com"]
[Date "2006.03.28"]
[Round "-"]
[White "BogusAurelius"]
[Black "Aumonde"]
[Result "0-1"]
[WhiteCountry "USA"]
[BlackCountry "USA"]
[WhiteElo "1921"]
[WhiteRD "78"]
[BlackElo "2151"]
[BlackRD "61"]
[GameID "44353"]

1. e4 c6 2. d3 d5 3. Nd2 e5 4. Ngf3 Nd7 5. d4 dxe4 6. Nxe4 exd4 7. Bc4 Nb6 8. Qe2 Bb4+ 9. c3 Nxc4 10. Qxc4 Be7
11. Qxd4 Qxd4 12. Nxd4 Nf6 13. Ng3 O-O 14. O-O Nd5 15. Re1 Rd8 16. Bd2 Bf6 17. Nf3 Bg4 18. Ne5 Be6 19. f4 Nb4 20. Re2 Bxe5
21. fxe5 Nd3 22. Bg5 Rd5 23. Rd1 Bg4
0-1

[Event "Hand by hand (mano a mano)"]
[Site "SchemingMind.com"]
[Date "2006.03.30"]
[Round "-"]
[White "MatdeInverses"]
[Black "Aumonde"]
[Result "1/2-1/2"]
[WhiteCountry "USA"]
[BlackCountry "USA"]
[WhiteElo "1956"]
[WhiteRD "47"]
[BlackElo "2163"]
[BlackRD "59"]
[GameID "44354"]

1. c4 e5 2. g3 Nf6 3. Bg2 c6 4. d4 exd4 5. Qxd4 d5 6. cxd5 cxd5 7. Nf3 Nc6 8. Qa4 Bb4+ 9. Bd2 Be7 10. O-O O-O
11. Rd1 Qb6 12. Bc3 Ne4 13. e3 Rd8 14. Nd4 Bg4 15. Rc1 Rac8 16. Nd2 Nxc3 17. bxc3 Nxd4 18. cxd4 Bd7 19. Qb3 Rxc1+ 20. Rxc1 Qa5
21. Nf3 Rc8 22. Rxc8+ Bxc8 23. h3 Qb4 24. Qxb4 Bxb4 25. Ne5 Be6 26. Nd3 Bd6 27. Nc5 Bxc5 28. dxc5 Kf8 29. Kf1 b6 30. cxb6 axb6
31. Ke2 d4 32. exd4 Bxa2 33. Kd3 Ke7 34. Kc3 Kd6 35. Be4=
1/2-1/2